Collins French dictionary. (Record no. 5471)

MARC details
000 -LEADER
fixed length control field 02082cam a2200349Ii 4500
001 - CONTROL NUMBER
control field on1017589467
003 - CONTROL NUMBER IDENTIFIER
control field OCoLC
005 - DATE AND TIME OF LATEST TRANSACTION
control field 20200831123328.0
008 - FIXED-LENGTH DATA ELEMENTS--GENERAL INFORMATION
fixed length control field 180101t20182017nyu e d 001 0 eng d
020 ## - INTERNATIONAL STANDARD BOOK NUMBER
International Standard Book Number 0062844903
Qualifying information (pbk.)
020 ## - INTERNATIONAL STANDARD BOOK NUMBER
International Standard Book Number 9780062844903
Qualifying information (pbk.)
035 ## - SYSTEM CONTROL NUMBER
System control number (OCoLC)1017589467
040 ## - CATALOGING SOURCE
Original cataloging agency YDX
Language of cataloging eng
Description conventions rda
Transcribing agency TZ-ArACH
049 ## - LOCAL HOLDINGS (OCLC)
Holding library TZAA
050 #4 - LIBRARY OF CONGRESS CALL NUMBER
Classification number REF PC2640
Item number .H23 2018
245 00 - TITLE STATEMENT
Title Collins French dictionary.
246 34 - VARYING FORM OF TITLE
Title proper/short title Collins French concise dictionary
250 ## - EDITION STATEMENT
Edition statement Seventh edition.
260 ## - PUBLICATION, DISTRIBUTION, ETC. (IMPRINT)
Place of publication, distribution, etc New York, NY :
Name of publisher, distributor, etc HarperCollins Publishers,
Date of publication, distribution, etc 2018.
300 ## - PHYSICAL DESCRIPTION
Extent xvii, 876, 254 pages ;
Dimensions 20 cm
500 ## - GENERAL NOTE
General note Includes index.
505 0# - FORMATTED CONTENTS NOTE
Formatted contents note Introduction -- Abbreviations used in this dictionary -- Phonetic transcription -- French verbs -- Numbers -- The time -- The date -- French-English -- English-French -- Grammar.
520 ## - SUMMARY, ETC.
Summary, etc "A revised and updated seventh edition of the popular English-French dictionary, featuring more than 200,000 entries and translations as well as a comprehensive grammar section packed with helpful examples--the ultimate language reference for students, travelers, and business professionals. Up to the minute, the Collins French Concise Dictionary offers comprehensive coverage of today's language in a practical, user-friendly format. Inside you'll find more than 95,000 references and upwards of 135,000 translations, including the latest business, media, and French cultural terms, and the most complete guide to grammar available in a French dictionary. Comprehensive yet clear, modern, and easy to navigate, Collins French Concise Dictionary, 7th Edition contains all the information you'll need to write a paper, read a book, or tell a story."--Provided by publisher.
650 #0 - SUBJECT ADDED ENTRY--TOPICAL TERM
Topical term or geographic name as entry element French language
Form subdivision Dictionaries
General subdivision English.
650 #0 - SUBJECT ADDED ENTRY--TOPICAL TERM
Topical term or geographic name as entry element English language
Form subdivision Dictionaries
General subdivision French.
650 #0 - SUBJECT ADDED ENTRY--TOPICAL TERM
Topical term or geographic name as entry element French language
General subdivision Grammar.
650 #7 - SUBJECT ADDED ENTRY--TOPICAL TERM
Topical term or geographic name as entry element English language.
Source of heading or term fast
650 #7 - SUBJECT ADDED ENTRY--TOPICAL TERM
Topical term or geographic name as entry element French language.
Source of heading or term fast
650 #7 - SUBJECT ADDED ENTRY--TOPICAL TERM
Topical term or geographic name as entry element French language
General subdivision Grammar.
Source of heading or term fast
655 #7 - INDEX TERM--GENRE/FORM
Genre/form data or focus term Dictionaries.
Source of term fast
942 ## - ADDED ENTRY ELEMENTS (KOHA)
Source of classification or shelving scheme Library of Congress Classification
Koha item type Books
Holdings
Home library Current library Date acquired Full call number Barcode Koha item type
African Court on Human and Peoples' Rights Library African Court on Human and Peoples' Rights Library 31/08/2020 REF PC2640 .H23 2018 10204016 Books
African Court on Human and Peoples' Rights Library African Court on Human and Peoples' Rights Library 31/08/2020 REF PC2640 .H23 2018 1020444X Books

African Court on Human and Peoples' Rights | For Inquiries Contact » +255 272 510 510